| 000 | 01132cab a2200313 4500 | ||
|---|---|---|---|
| 001 | ABS59855 | ||
| 008 | 090401t1998 xxu||||| |||| 00| 0 eng d | ||
| 035 | _a(Sirsi) u90250 | ||
| 041 | _aeng | ||
| 100 | _aMurdoch, J. | ||
| 245 | _aProperty valuation variation and the `margin of error` in the UK | ||
| 260 | _c1998 | ||
| 350 | _a0 | ||
| 490 |
_aJournal of Property Research _v15(4) December 1998, 305-330(26) |
||
| 520 | _aCritical examination of the margin of error principle currently used by the English courts as a test of negligence in valuations. Traces its development, status and current operation through case law and reviews previous empirical work on valuation accuracy and valuation variation. Includes previously unpublished data. References. | ||
| 650 | _aACCURACY | ||
| 650 | _aEXPERT WITNESSES | ||
| 650 | _aMARGIN OF ERROR | ||
| 650 | _aNEGLIGENCE | ||
| 650 | _aPROPERTY VALUATION | ||
| 650 | _aUNITED KINGDOM | ||
| 650 |
_aValuation _96273 |
||
| 650 | _aVARIATION | ||
| 690 | _aRATING AND VALUATION | ||
| 700 | _aCrosby, N. | ||
| 700 | _aLavers, A | ||
| 942 | _n0 | ||
| 948 | _c11/12/1998 | ||
| 999 |
_c57191 _d57191 |
||